Нелетная погода: роман

Библиографические подробности
Главный автор: Бушков А. А. Александр Александрович
Примечания:При попытке входа в гиперпространство, космический корабль «Лебедь» потерпел крушение. Связь с ЦУПом и кораблями сопровождения оборвалась, запасы энергии иссякли, приборы сигнализировали о реальных, но неизвестных испытателям опасностях. За всю историю кораблей Дальнего прыжка ничего подобного не случалось. Назад, в обычное пространство экипаж выйти не смог. Командир корабля Панарин не знал, где они, но «Лебедь» должен вернуться домой...
Язык:русский
Опубликовано: Москва, ОЛМА-ПРЕСС, 2005
Предметы:
Формат: Книга
Запись в KOHA:https://koha.lib.tpu.ru/cgi-bin/koha/opac-detail.pl?biblionumber=94181

MARC

LEADER 00000nam0a2200000 4500
001 94181
005 20231031105534.0
010 |a 5224049172 
010 |a 5-85197-241-6 
021 |a RU  |b 05-60638  |9 05-2974 
035 |a (RuTPU)RU\TPU\book\100873 
035 |a RU\TPU\book\99067 
090 |a 94181 
100 |a 20060407d2005 m y0rusy5002 ca 
101 0 |a rus 
102 |a RU 
105 |a y z 000ay 
200 1 |a Нелетная погода  |e роман  |f А. А. Бушков 
210 |a Москва  |c ОЛМА-ПРЕСС  |c Красный Пролетарий  |d 2005 
215 |a 448 с. 
330 |a При попытке входа в гиперпространство, космический корабль «Лебедь» потерпел крушение. Связь с ЦУПом и кораблями сопровождения оборвалась, запасы энергии иссякли, приборы сигнализировали о реальных, но неизвестных испытателям опасностях. За всю историю кораблей Дальнего прыжка ничего подобного не случалось. Назад, в обычное пространство экипаж выйти не смог. Командир корабля Панарин не знал, где они, но «Лебедь» должен вернуться домой... 
610 1 |a фантастические романы 
610 1 |a русская литература 
610 1 |a романы 
675 |a Р2  |v 3  |z rus 
700 1 |a Бушков  |b А. А.  |g Александр Александрович  |4 070 
801 0 |a RU  |b 63413507  |c 20051025  |g PSBO 
801 1 |a RU  |b 63413507  |c 20060314  |g PSBO 
801 2 |a RU  |b 63413507  |c 20060503  |g PSBO 
942 |c BK